| 000 | 00843nas a2200289 4500 | ||
|---|---|---|---|
| 001 | BR2012007744 | ||
| 003 | BR-BrBNA | ||
| 005 | 20231205121325.0 | ||
| 007 | ta | ||
| 008 | 230509b bl.|||p| |||| 00| 00por d | ||
| 040 |
_aBR-BrBNA _bpor _cBiblioteca Nacional de Agricultura |
||
| 041 | _a(Pt) | ||
| 072 | _aF02 | ||
| 100 | 1 | _aZacaro, R.P. | |
| 100 | 1 | _aDonadio, L.C. | |
| 100 | 1 | _aLemos, E.G.M. | |
| 245 | 1 | _aMicroenxertia em cultivares de manga | |
| 246 | 1 | _aMicrografting in mango cultivars | |
| 650 | _aMANGA | ||
| 650 | _aMANGIFERA INDICA | ||
| 650 | _aENXERTO | ||
| 650 | _aPROPAGAÇÃO VEGETATIVA | ||
| 650 | _aMALFORMAÇÃO | ||
| 773 | 0 |
_tRevista Brasileira de Fruticultura (Brazil) _xISSN 0100-2945 _g(Dec 2006), v. 28(3) p. 533-535 _wBR2012007744 |
|
| 909 |
_a202311 _bLúcia _c55 _dLúcia Elande |
||
| 942 |
_2AGRIS _n0 _cANA |
||
| 999 |
_c222943 _d222943 |
||